|
|
|
|
| LEADER |
00000cam a2200000 7i4500 |
| 001 |
0000015911 |
| 005 |
20080502.0 |
| 008 |
020508 |
| 020 |
|
|
|a 0091784468
|
| 090 |
0 |
0 |
|a 746.442
|b MCT
|
| 100 |
1 |
|
|a McTague, Fiona
|
| 245 |
1 |
0 |
|a Nursery needlepoint
|c Fiona McTague
|
| 260 |
|
|
|a London :
|b Ebury Press
|
| 650 |
|
0 |
|a Needpoint
|x Decorative arts
|
| 650 |
|
0 |
|a Needpoint
|x Techniques
|
| 999 |
|
|
|a 0000558758
|b Book
|c Adult Collection
|e Cawangan Muar
|
| 999 |
|
|
|a 0000558759
|b Book
|c Adult Collection
|e Cawangan Pontian
|
| 999 |
|
|
|a 0000558773
|b Book
|c Adult Collection
|e Cawangan Mersing
|
| 999 |
|
|
|a 0000770151
|b Book
|c Adult Collection
|e Cawangan Bandar Penawar
|
| 999 |
|
|
|a 0000794651
|b Book
|c REFERENCE
|e Cawangan Segamat
|
| 999 |
|
|
|a 0000819634
|b Book
|c REFERENCE
|e Cawangan Segamat
|
| 999 |
|
|
|a 0000819635
|b Book
|c REFERENCE
|e Cawangan Segamat
|
| 999 |
|
|
|a 0000820868
|b Book
|c REFERENCE
|e Cawangan Tmn. Ungku Tun Aminah
|
| 999 |
|
|
|a 0000845103
|b Book
|c REFERENCE
|e Cawangan Tangkak
|
| 999 |
|
|
|a 0000898391
|b Book
|c REFERENCE
|e Cawangan Tmn. Ungku Tun Aminah
|
| 999 |
|
|
|a 0001013755
|b Book
|c Adult Collection
|e Cawangan Urban Transformation Centre
|